000
00290nam a22001337a 4500
008
181029b xxu||||| |||| 00| 0 eng d
020
_a
9780495812265
041
_a
eng
080
_2
6th
_a
610
100
_a
4
101
_a
SHM
245
_a
Becoming a Helper
_c
Corey,M.S
942
_2
udc
_c
BK
999
_c
51015
_d
51015